01483nam a22003137a 4500003000400000005001700004008004100021040002200062082001500084100002900099245008600128260005100214300001800265490002000283505010500303505009100408505008700499505013300586505001700719650004600736650004800782650004400830650004300874650004400917651004500961942002601006999001501032952012201047OSt20230421140943.0221006b |||||||| |||| 00| 0 eng d cBiblioteca Lado V a700bH424a eeditor9809aHynes, Chas aArtshouston Magazine/bHouston's monthly guide to the performing and visual arts/ bTexas Southem University Museumc2004aHouston c21x29cma38p. a8v5x1541-6089 aFEATURESgGoodbye Columbus Houston's Latin Lights Latin Movement Broken Obelisk More Microcinema aPerformance reviewsg32 TUTS Stages Infernal Bridegroom Productions Mercury Baroque aGallery ReviewsgRice Gallery McClain gallery Texas Southern University Museum  aDepartmentsgEditor's Notes Backstage witch Janet H. Moore Gallery and Museum Map ArtKids Center Stage Calendar ArtistTalk aMarcelo Wong 2Tesauro de Arte & ArquitecturaaARTE9703 2Tesauro de Arte & ArquitecturaaARTE VISUAL 2Tesauro de Arte & ArquitecturaaREVISTA 2Tesauro de Arte & ArquitecturaaBIENAL 2Tesauro de Arte & ArquitecturaaCRITICA 2Tesauro de Arte & ArquitecturaaRESEÑA 2ddcc1h700iH424an0 c3433d3433 00102ddc3540708RevistasaLVbLVd2023-04-21h8i002917l0o700 H424ap002917r2023-04-21 00:00:00w2023-04-21y1